000 01228nam a22002537a 4500
999 _c8015
_d8015
003 AR-CdUCM
008 190322b ||||| |||| 00| 0 spa d
040 _aMUNICIPALIDAD PROVINCIAL DEL CUSCO
_cBIBLIOTECA MUNICIPAL DEL CUSCO
082 _a985.008 /
_bC73
100 _aComisión Nacional del Sesquicentenario de la Independencia del Perú
_921840
245 _aLa universidad :
_bLibros XIV de claustros (1780-1790) /
260 _aLima :
_bComisión Nacional del Sesquicentenario de la Independencia del Perú,
_c1971.
300 _a2 volúmenes ;
_c24 cm.
440 _aColección documental de la independencia del Perú.
_921856
505 _aContenido: V.1 Libros de Posesiones de Cátedras y actos académicos 1789-1826 - Grados de bachilleres en Cánones y Leyes - Grados de abogados -- V.2 Libros de Posesiones de Cátedras y actos académicos 1789-1826 - Grados de bachilleres en Cánones y Leyes - Grados de abogados
650 _aPerú
_935
650 _aColecciones
_9607
650 _aIndependencia del Perú
_912556
650 _aRegistros
_922646
650 _aActos académicos
_922647
700 _aValcarcel, Carlos Daniel (estudio preliminar y edición)
_922648
942 _2ddc
_cLIBROS
945 _adavv